[Event "Buenos Aires CAA Ciclo-B"]
[Site "Buenos Aires"]
[Date "2012.05.26"]
[Round "6"]
[White "Ginzburg, Maximiliano"]
[Black "Spata, German"]
[Result "1/2-1/2"]
[WhiteElo "2381"]
[BlackElo "2258"]
[PlyCount "106"]
[EventDate "2012.05.21"]
[EventType "tourn"]
[EventRounds "9"]
[EventCountry "ARG"]
[SourceTitle "EXT 2024"]
[Source "ChessBase"]
[SourceDate "2023.10.10"]
[SourceVersion "1"]
[SourceVersionDate "2023.10.10"]
[SourceQuality "1"]

1. e4 e5 2. Nf3 Nc6 3. Bb5 Nf6 4. d3 d6 5. 0-0 a6 6. Bxc6+ bxc6 7. Nbd2 g6 8. d4 exd4 9. Nxd4 Bb7 10. Re1 Be7 11. Nc4 c5 12. Na5 cxd4 13. Nxb7 Qd7 14. Qxd4 0-0 15. Bg5 Qb5 16. Bxf6 Bxf6 17. Qxf6 Qxb7 18. b3 Rfe8 19. Qd4 Re5 20. Re3 a5 21. a4 Rae8 22. Rae1 Qc6 23. Qd3 Qc5 24. h3 Rb8 25. Qc3 Qb6 26. Kh2 Rbe8 27. f4 R5e6 28. Qc4 c6 29. R3e2 Qc7 30. Kh1 Rb8 31. e5 d5 32. Qd3 Rbe8 33. c4 dxc4 34. Qxc4 c5 35. Rc1 Rc6 36. Rd2 Rb8 37. Rcd1 Qb6 38. Rd6 Rxd6 39. exd6 Rd8 40. d7 Qe6 41. Qxc5 Qxb3 42. Rd4 Qe6 43. Qc7 Qe7 44. Qxa5 Rxd7 45. Rxd7 Qxd7 46. Qa8+ Kg7 47. Qe4 h5 48. a5 Qd1+ 49. Kh2 Qf1 50. Qd4+ Kh7 51. Qf6 Kg8 52. a6 Qf2 53. Qg5 Qb6 1/2-1/2

[Event "Paulista-chT Interclubes"]
[Site "Sao Paulo"]
[Date "2012.02.??"]
[Round "6"]
[White "Ginzburg, Maximiliano"]
[Black "Santos, Marcus Vinicius M"]
[Result "1/2-1/2"]
[WhiteElo "2381"]
[BlackElo "2341"]
[PlyCount "101"]
[EventDate "2012.02.25"]
[EventType "team-tourn"]
[EventRounds "7"]
[EventCountry "BRA"]
[SourceTitle "EXT 2022"]
[Source "ChessBase"]
[SourceDate "2021.10.06"]
[SourceVersion "1"]
[SourceVersionDate "2021.10.06"]
[SourceQuality "1"]
[WhiteTeam "Pinheiros EC"]
[BlackTeam "Santo Andre AD"]
[WhiteTeamCountry "BRA"]
[BlackTeamCountry "BRA"]

1. e4 g6 2. d4 Bg7 3. Nc3 d6 4. h4 h5 5. Nh3 Nd7 6. Ng5 Nh6 7. f3 a6 8. Bc4 Nb6 9. Bb3 d5 10. Nxd5 Nxd5 11. exd5 Nf5 12. c3 Ng3 13. Rg1 Qd6 14. Qd2 f6 15. Ne4 Nxe4 16. fxe4 Bh6 17. Qf2 Bxc1 18. Rxc1 Bg4 19. g3 0-0-0 20. c4 e5 21. c5 Qd7 22. c6 Qe7 23. cxb7+ Kb8 24. Rc4 Rhe8 25. Kd2 f5 26. exf5 Bxf5 27. Ra4 exd4 28. Rxd4 Qc5 29. Rc1 Qb6 30. Rc6 Qa5+ 31. Rc3 Bg4 32. Bc4 Qb6 33. Kc1 Re4 34. Rd2 Qd6 35. a3 Rf8 36. Qg2 Re1+ 37. Kc2 Bf5+ 38. Bd3 Bxd3+ 39. Rdxd3 Rff1 40. Qd2 Qf6 41. d6 Rc1+ 42. Qxc1 Rxc1+ 43. Kxc1 cxd6 44. Rb3 Qf1+ 45. Kc2 Qf5 46. a4 d5 47. Rb4 a5 48. Rb5 Qe4 49. b3 d4 50. Kd2 Qg2+ 51. Kc1 1/2-1/2

[Event "Curitiba 1st FEXPAR - CBX"]
[Site "Curitiba"]
[Date "2011.10.07"]
[Round "3.1"]
[White "Lebredo Zaragoitia, Gerardo"]
[Black "Ginzburg, Maximiliano"]
[Result "1/2-1/2"]
[WhiteElo "2240"]
[BlackElo "2399"]
[PlyCount "47"]
[EventDate "2011.10.05"]
[EventType "tourn"]
[EventRounds "9"]
[EventCountry "BRA"]
[SourceTitle "EXT 2022"]
[Source "ChessBase"]
[SourceDate "2021.10.06"]
[SourceVersion "1"]
[SourceVersionDate "2021.10.06"]
[SourceQuality "1"]

1. d4 g6 2. e4 Bg7 3. Nf3 d6 4. Be2 Nf6 5. Nc3 c6 6. a4 Qc7 7. Bf4 Bg4 8. 0-0 Bxf3 9. Bxf3 e5 10. Be3 0-0 11. Qd2 Nbd7 12. a5 Rfe8 13. d5 c5 14. a6 bxa6 15. Rxa6 Nb6 16. b3 Re7 17. Rfa1 Nc8 18. Bg5 Qd7 19. h3 h5 20. Be2 Rb8 21. Qd3 Re8 22. Bxf6 Bxf6 23. Nb5 Rb7 24. c4 1/2-1/2

[Event "Buenos Aires Benko Memorial"]
[Site "Buenos Aires"]
[Date "2010.03.14"]
[Round "7"]
[White "Bueno, Alfeu Varela Jr"]
[Black "Ginzburg, Maximiliano"]
[Result "0-1"]
[WhiteElo "2349"]
[BlackElo "2400"]
[PlyCount "98"]
[EventDate "2010.03.08"]
[EventType "tourn"]
[EventRounds "9"]
[EventCountry "ARG"]
[EventCategory "4"]
[SourceTitle "CBM 135 Extra"]
[Source "ChessBase"]
[SourceDate "2010.05.04"]
[SourceVersion "1"]
[SourceVersionDate "2010.05.04"]
[SourceQuality "1"]

1. e4 g6 2. d4 Bg7 3. Nc3 d6 4. Nf3 Nf6 5. h3 0-0 6. Be3 Nc6 7. Bb5 a6 8. Bxc6 bxc6 9. Qd2 Bb7 10. Bh6 c5 11. Bxg7 Kxg7 12. dxc5 Bxe4 13. Nxe4 Nxe4 14. Qd4+ Nf6 15. 0-0-0 e5 16. Qb4 e4 17. Ng5 d5 18. Qd4 Re8 19. h4 Qe7 20. Rhe1 Qe5 21. g3 Qxd4 22. Rxd4 h6 23. Nh3 c6 24. c4 dxc4 25. Rxc4 a5 26. Nf4 Rab8 27. Ng2 Re5 28. Rd1 Rf5 29. Rd2 Rb5 30. Rdc2 Ng4 31. Nf4 e3 32. f3 Ne5 33. Re4 Nxf3 34. Nd3 Nd2 35. Rxe3 Nf1 36. Re7 Nxg3 37. Rg2 Rf1+ 38. Kd2 Nf5 39. Rc7 Nxh4 40. Rg4 Nf5 41. Rxc6 h5 42. Rg2 Rb8 43. Ra6 h4 44. Ke2 Rh1 45. Kf3 h3 46. Rd2 Re8 47. c6 Re3+ 48. Kf4 h2 49. Rf2 Rxd3 0-1

[Event "Ramos Mejia Memorial"]
[Site "Buenos Aires"]
[Date "2009.03.17"]
[Round "5"]
[White "Ginzburg, Maximiliano"]
[Black "Mayorga, Nicolas"]
[Result "1/2-1/2"]
[WhiteElo "2455"]
[BlackElo "2306"]
[PlyCount "151"]
[EventDate "2009.03.14"]
[EventType "tourn"]
[EventRounds "11"]
[EventCountry "ARG"]
[EventCategory "2"]
[SourceTitle "CBM 129 Extra"]
[Source "ChessBase"]
[SourceDate "2009.05.05"]
[SourceVersion "2"]
[SourceVersionDate "2009.05.20"]
[SourceQuality "1"]

1. e4 c5 2. Nf3 Nc6 3. c3 Nf6 4. e5 Nd5 5. d4 cxd4 6. cxd4 d6 7. exd6 e6 8. Nc3 Bxd6 9. Bd3 0-0 10. 0-0 Nxc3 11. bxc3 Ne7 12. Ng5 h6 13. Qh5 f5 14. Nf3 Qe8 15. Qxe8 Rxe8 16. Re1 b6 17. Bc4 Ng6 18. h4 Bd7 19. h5 Nf8 20. Bb3 Rac8 21. Bd2 Bb5 22. Nh4 Kh7 23. Bc2 Kh8 24. g3 Bc4 25. a4 Nd7 26. Ng6+ Kg8 27. Re3 Nf6 28. Bd1 Ne4 29. Be1 Rc7 30. f3 Nf6 31. f4 Bd5 32. Ne5 Bxe5 33. dxe5 Ne4 34. Rd3 Rec8 35. Ra3 Kf7 36. g4 g6 37. Kh2 Rg8 38. hxg6+ Kxg6 39. Rh3 Rf8 40. Rh4 Rg7 41. c4 Bxc4 42. Rah3 fxg4 43. Bxg4 Rxf4 44. Bxe6 Rxh4 45. Rxh4 Bxe6 46. Rxe4 Kf5 47. Rh4 Kg5 48. Rd4 h5 49. Bd2+ Kf5 50. Rh4 Bf7 51. a5 bxa5 52. Bxa5 Rg8 53. Ra4 Bb3 54. Rh4 Bd1 55. Rd4 Bf3 56. Rd7 a6 57. Rf7+ Kg4 58. e6 Bd5 59. Ra7 Bxe6 60. Rxa6 Bd5 61. Be1 Re8 62. Ra4+ Be4 63. Ra7 Rg8 64. Rf7 h4 65. Rf1 h3 66. Bg3 Bf3 67. Ra1 Be4 68. Rf1 Bg2 69. Rf4+ Kg5 70. Ra4 Re8 71. Ra5+ Kg4 72. Ra4+ Be4 73. Rb4 Re7 74. Ra4 Kf3 75. Ra3+ Kg4 76. Ra4 1/2-1/2

[Event "Ramos Mejia Memorial"]
[Site "Buenos Aires"]
[Date "2009.03.14"]
[Round "1"]
[White "Barrionuevo, Pablo"]
[Black "Ginzburg, Maximiliano"]
[Result "1-0"]
[WhiteElo "2327"]
[BlackElo "2455"]
[PlyCount "85"]
[EventDate "2009.03.14"]
[EventType "tourn"]
[EventRounds "11"]
[EventCountry "ARG"]
[EventCategory "2"]
[SourceTitle "CBM 129 Extra"]
[Source "ChessBase"]
[SourceDate "2009.05.05"]
[SourceVersion "2"]
[SourceVersionDate "2009.05.20"]
[SourceQuality "1"]

1. e4 g6 2. d4 Bg7 3. Nc3 d6 4. f4 c5 5. dxc5 Bxc3+ 6. bxc3 dxc5 7. Qxd8+ Kxd8 8. Be3 b6 9. Nf3 f6 10. 0-0-0+ Kc7 11. f5 Nc6 12. g4 e5 13. Be2 Bd7 14. Rhf1 h5 15. g5 gxf5 16. exf5 Nge7 17. Nh4 Ng8 18. g6 Rd8 19. Bc4 Nce7 20. Rg1 Bc6 21. Rxd8 Kxd8 22. Kd2 Bd5 23. Be2 Nh6 24. c4 Bg8 25. Bxh6 Rxh6 26. Ke3 Kc7 27. c3 Nc8 28. Nf3 Nd6 29. Nxe5 Nxf5+ 30. Kf4 Ne7 31. Bd3 fxe5+ 32. Kg5 Rxg6+ 33. Bxg6 Bxc4 34. Bxh5 Kd6 35. h4 e4 36. Kf4 Nd5+ 37. Kg5 Ke5 38. Bg4 e3 39. h5 Nxc3 40. h6 Bd3 41. Re1 Ne4+ 42. Kh4 Nf6 43. Rxe3+ 1-0

[Event "LNA Puma Cup"]
[Site "Argentina"]
[Date "2007.09.01"]
[Round "4"]
[White "Ginzburg, Maximiliano"]
[Black "Vergagni, Ernesto"]
[Result "1-0"]
[WhiteElo "2455"]
[BlackElo "2198"]
[PlyCount "77"]
[EventDate "2007.08.11"]
[EventType "team"]
[EventRounds "9"]
[EventCountry "ARG"]
[SourceTitle "CBM 120 Extra"]
[Source "ChessBase"]
[SourceDate "2007.11.01"]
[SourceVersion "1"]
[SourceVersionDate "2007.11.01"]
[SourceQuality "1"]

1. e4 c5 2. Nf3 d6 3. d4 cxd4 4. Nxd4 Nf6 5. Nc3 a6 6. g3 e5 7. Nde2 b5 8. Bg2 Bb7 9. h3 Nbd7 10. g4 Nc5 11. Ng3 Ne6 12. 0-0 Rc8 13. Nd5 Nxd5 14. exd5 Nc5 15. f4 Nd7 16. c3 Be7 17. Nf5 0-0 18. a4 bxa4 19. Rxa4 Nc5 20. Ra3 g6 21. Nxe7+ Qxe7 22. fxe5 Qxe5 23. Bf4 Qe7 24. Qd4 Rfe8 25. c4 a5 26. Re3 Qf8 27. Rxe8 Rxe8 28. Qf6 Nd7 29. Qxd6 Qxd6 30. Bxd6 Nb6 31. b3 a4 32. Bc7 Nd7 33. bxa4 Rc8 34. d6 Bxg2 35. Kxg2 Re8 36. a5 Kf8 37. a6 Re2+ 38. Rf2 Re8 39. Ra2 1-0

[Event "LNA Puma Cup"]
[Site "Argentina"]
[Date "2007.08.25"]
[Round "3"]
[White "Ginzburg, Maximiliano"]
[Black "Perez, Maximiliano"]
[Result "1/2-1/2"]
[WhiteElo "2455"]
[BlackElo "2149"]
[PlyCount "73"]
[EventDate "2007.08.11"]
[EventType "team"]
[EventRounds "9"]
[EventCountry "ARG"]
[SourceTitle "CBM 120 Extra"]
[Source "ChessBase"]
[SourceDate "2007.11.01"]
[SourceVersion "1"]
[SourceVersionDate "2007.11.01"]
[SourceQuality "1"]

1. e4 g6 2. d4 Bg7 3. Nc3 d6 4. h4 h5 5. Nh3 Nc6 6. d5 Ne5 7. Ng5 Nh6 8. Be2 c6 9. 0-0 0-0 10. a4 a5 11. Be3 Nhg4 12. Bxg4 Bxg4 13. f3 Bd7 14. Qe2 Qc8 15. f4 Ng4 16. Bd2 e6 17. dxe6 fxe6 18. g3 b5 19. Qd3 b4 20. Ne2 d5 21. e5 Rf5 22. Nd4 c5 23. Nxf5 gxf5 24. b3 Bf8 25. Nf3 c4 26. Qe2 Bc5+ 27. Kh1 c3 28. Be1 Bc6 29. Rd1 d4 30. Bf2 Qd7 31. Kg2 Rd8 32. Rd3 Qb7 33. Bg1 Rd7 34. Rfd1 Qb6 35. Kh3 Be4 36. Ng5 Qc6 37. Nf3 1/2-1/2

[Event "Villa Martelli Masters KO"]
[Site "Villa Martelli"]
[Date "2002.04.15"]
[Round "2.2"]
[White "Zarnicki, Pablo Adrian"]
[Black "Ginzburg, Maximiliano"]
[Result "0-1"]
[WhiteElo "2493"]
[BlackElo "2445"]
[PlyCount "52"]
[EventDate "2002.04.12"]
[EventType "k.o."]
[EventRounds "3"]
[EventCountry "ARG"]
[SourceTitle "CBM 089"]
[Source "ChessBase"]
[SourceDate "2002.08.12"]
[SourceVersion "1"]
[SourceVersionDate "2002.08.12"]
[SourceQuality "1"]

1. e4 e5 2. Nf3 Nc6 3. Bb5 a6 4. Ba4 Nf6 5. 0-0 Be7 6. Qe2 b5 7. Bb3 0-0 8. c3 d5 9. d3 Bb7 10. Nbd2 Re8 11. a3 Bf8 12. Ba2 Qd7 13. exd5 Nxd5 14. Ne4 f5 15. Nfg5 h6 16. c4 Nd4 17. Qh5 fxe4 18. Nxe4 Nf4 19. cxb5+ Bd5 20. Bxd5+ Nxd5 21. bxa6 Rxa6 22. Be3 Qf7 23. Qd1 Nf5 24. Rc1 Rg6 25. g3 Rd8 26. Qb3 Nh4 0-1

[Event "Villa Martelli Masters KO"]
[Site "Villa Martelli"]
[Date "2002.04.12"]
[Round "1.1"]
[White "Ginzburg, Maximiliano"]
[Black "Slipak, Sergio"]
[Result "1/2-1/2"]
[WhiteElo "2445"]
[BlackElo "2498"]
[PlyCount "42"]
[EventDate "2002.04.12"]
[EventType "k.o."]
[EventRounds "3"]
[EventCountry "ARG"]
[SourceTitle "CBM 089"]
[Source "ChessBase"]
[SourceDate "2002.08.12"]
[SourceVersion "1"]
[SourceVersionDate "2002.08.12"]
[SourceQuality "1"]

1. c4 e6 2. g3 d5 3. Bg2 dxc4 4. Qa4+ Nd7 5. Qxc4 a6 6. Qc2 Rb8 7. Nf3 b5 8. 0-0 Bb7 9. b3 c5 10. Bb2 Ngf6 11. d3 Be7 12. Nbd2 0-0 13. Rac1 Nd5 14. Rfd1 Rc8 15. Qb1 Bf6 16. Ne4 Bxb2 17. Qxb2 Qe7 18. Ne5 N7f6 19. Nxf6+ Nxf6 20. Bxb7 Qxb7 21. d4 cxd4 1/2-1/2

[Event "Villa Ballester op 52nd"]
[Site "Villa Ballester"]
[Date "2002.01.09"]
[Round "6"]
[White "Della Morte, Pablo"]
[Black "Ginzburg, Maximiliano"]
[Result "0-1"]
[WhiteElo "2187"]
[BlackElo "2427"]
[PlyCount "139"]
[EventDate "2002.01.02"]
[EventType "swiss"]
[EventRounds "9"]
[EventCountry "ARG"]
[SourceTitle "CBM 086 Extra"]
[Source "ChessBase"]
[SourceDate "2002.03.14"]
[SourceVersion "1"]
[SourceVersionDate "2002.03.14"]
[SourceQuality "1"]

1. e4 c5 2. Nf3 e6 3. d4 cxd4 4. Nxd4 Nf6 5. Nc3 Bb4 6. e5 Nd5 7. Bd2 Nxc3 8. bxc3 Be7 9. Qg4 0-0 10. Bd3 d6 11. Bh6 g6 12. Bxf8 Bxf8 13. exd6 e5 14. Nf5 Nc6 15. Qg3 e4 16. Ne7+ Nxe7 17. dxe7 Qxe7 18. Bc4 Qc5 19. Bb3 Bg7 20. 0-0 Bf5 21. Rad1 Qxc3 22. Qxc3 Bxc3 23. h3 h5 24. Bd5 Rb8 25. Rb1 b5 26. a4 b4 27. Bb3 Kg7 28. Rfd1 Rc8 29. Rd5 Rc7 30. Kf1 h4 31. Ke2 Bf6 32. Rb5 Be7 33. Rd1 Bc8 34. Ra5 Bc5 35. Ke1 Bb7 36. Rxc5 Rxc5 37. Rd7 Bc6 38. Rxf7+ Kh6 39. Rxa7 Rg5 40. Rc7 Ba8 41. Rc8 Bb7 42. Rb8 Bc6 43. Rxb4 Rxg2 44. Rc4 Bb7 45. Rc7 Ba8 46. Rc5 e3 47. Rc8 exf2+ 48. Kf1 Bb7 49. Rf8 Rh2 50. Rxf2 Rxh3 51. Rf4 Kg5 52. Rb4 Ba8 53. a5 Rf3+ 54. Ke2 Rf5 55. Rb8 Rxa5 56. Kf2 Be4 57. Ke3 Bf5 58. Bc4 Bxc2 59. Rh8 Bf5 60. Bf1 Kg4 61. Kf2 Ra2+ 62. Be2+ Kh3 63. Ke3 Kg3 64. Bc4 Ra3+ 65. Ke2 h3 66. Bd5 h2 67. Rh6 g5 68. Ke1 Bg4 69. Kd2 Bf3 70. Bxf3 0-1

[Event "Villa Ballester op 52nd"]
[Site "Villa Ballester"]
[Date "2002.01.08"]
[Round "5"]
[White "Ginzburg, Maximiliano"]
[Black "Anelli, Antonio"]
[Result "1-0"]
[WhiteElo "2427"]
[BlackElo "2316"]
[PlyCount "143"]
[EventDate "2002.01.02"]
[EventType "swiss"]
[EventRounds "9"]
[EventCountry "ARG"]
[SourceTitle "CBM 086 Extra"]
[Source "ChessBase"]
[SourceDate "2002.03.14"]
[SourceVersion "1"]
[SourceVersionDate "2002.03.14"]
[SourceQuality "1"]

1. e4 c5 2. Nf3 Nc6 3. Bb5 g6 4. Bxc6 dxc6 5. d3 Bg7 6. Nc3 e5 7. Be3 Qe7 8. Qd2 Nf6 9. h3 Nd7 10. Bh6 Bxh6 11. Qxh6 f6 12. Nh2 Nf8 13. f4 Ne6 14. fxe5 fxe5 15. 0-0 Qg5 16. Qxg5 Nxg5 17. Nd1 Be6 18. Ne3 Ke7 19. h4 Nf7 20. Rf2 Raf8 21. Raf1 Rd8 22. b3 Rhf8 23. Nf3 Ra8 24. Kh2 Rad8 25. g4 Ra8 26. Kg3 Rad8 27. g5 Ra8 28. Nh2 Nd6 29. Nf3 Nf7 30. Rh1 Rg8 31. Nh2 h6 32. gxh6 Nxh6 33. Nf3 Nf7 34. Ng5 Nxg5 35. hxg5 Rg7 36. Ng2 Rf8 37. Rxf8 Kxf8 38. Nh4 Ke7 39. Rf1 Bf7 40. Rf6 Be8 41. Nf3 Rf7 42. Rxf7+ Kxf7 43. Nxe5+ Ke6 44. Kf4 Kd6 45. Nc4+ Ke6 46. a4 Bd7 47. a5 Be8 48. e5 Bd7 49. Ke4 Ke7 50. Nd6 b6 51. axb6 axb6 52. Nc4 b5 53. Na5 Bf5+ 54. Kf4 Kd7 55. Nb7 c4 56. Nc5+ Ke7 57. Ke3 cxb3 58. cxb3 Bg4 59. Kd4 Bf3 60. Kc3 Bd5 61. Kb4 Kd8 62. Ka5 Kc7 63. Ka6 Bg8 64. e6 Kd6 65. Kb6 b4 66. d4 Kd5 67. Kc7 Kxd4 68. Kd6 Kc3 69. Ke5 Kc2 70. e7 Bf7 71. Kf6 Be8 72. Kg7 1-0